Score 0/20 Timer 03:00
1 Play Today
Movie Girls' Name % Correct
____ of ArcJoan
92.9%
There's Something About ____Mary
92.8%
Mamma ____! The MovieMia
92.5%
__________'s WebCharlotte
92.4%
Fall from ____Grace
76.2%
_______'s ChoiceSophie
73.3%
_____ EnchantedElla
72.8%
All About ___Eve
69%
_____ FloatsHope
68.7%
How _______ Got Her Groove Back Stella
68.3%
Movie Girls' Name % Correct
_____ and the KingAnna
68.1%
______ and Her SistersHannah
55.7%
Two Mules for Sister ____Sara
53.7%
Play _____ for MeMisty
45.7%
_____ Doesn't Live Here AnymoreAlice
41.5%
The Prime of Miss _____ BrodieJean
40.6%
The Gilded _____Lily
18.6%
Blind ______Faith
12.9%
The Key to ________Rebecca
7.5%
______ in New YorkAutumn
5%

Today's Daily Dose

Remove Ads.
Support Sporcle.
Get the best of Sporcle when you Go Orange. This ad-free experience offers more features, more stats, and more fun while also helping to support Sporcle. Thank you for becoming a member.

You're not logged in!

Compare scores with friends on all Sporcle quizzes.
OR
Log In

Show Comments

Extras

Top Quizzes Today


Score Distribution

Your Account Isn't Verified!

In order to create a playlist on Sporcle, you need to verify the email address you used during registration. Go to your Sporcle Settings to finish the process.

Report this User

Report this user for behavior that violates our Community Guidelines.

Details: